Guess the Celebrity by Picture - Letter G - Statistics

General Stats
  • This quiz has been taken 329 times
    229 since last reset
  • The average score is 8 of 16
Answer Stats
Picture Answer % Correct
Gordon Ramsay
89%
George Clooney
83%
George W. Bush
76%
Gal Gadot
65%
George Michael
60%
Gigi Hadid
54%
Gwen Stefani
53%
George Harrison
51%
George Lucas
49%
Gerald Ford
33%
Gerard Butler
31%
Goldie Hawn
30%
Gisele Bündchen
29%
Grace Kelly
28%
Geena Davis
22%
Gloria Gaynor
16%
No matching quizzes found
Score Distribution
Percent of People with Each Score
Percentile by Number Answered
Your Score History
You have not taken this quiz since the last reset